Adhishtana: bayipata pustaka: prachina balabodhe: (Record no. 224658)
[ view plain ]
| 000 -LEADER | |
|---|---|
| fixed length control field | 02318nam a22002537a 4500 |
| 005 - DATE AND TIME OF LATEST TRANSACTION | |
| control field | 20240416144423.0 |
| 008 - FIXED-LENGTH DATA ELEMENTS--GENERAL INFORMATION | |
| fixed length control field | 220924b ||||| |||| 00| 0 eng d |
| 040 ## - CATALOGING SOURCE | |
| Transcribing agency | AL |
| 041 ## - LANGUAGE CODE | |
| Language code of text/sound track or separate title | kan |
| 082 ## - DEWEY DECIMAL CLASSIFICATION NUMBER | |
| Edition number | 23 |
| Classification number | 510K |
| Item number | DEVA |
| 100 ## - MAIN ENTRY--PERSONAL NAME | |
| Personal name | G K Devarajaswamy |
| 100 ## - MAIN ENTRY--PERSONAL NAME | |
| 9 (RLIN) | 160706 |
| 245 ## - TITLE STATEMENT | |
| Title | Adhishtana: bayipata pustaka: prachina balabodhe: |
| Remainder of title | ಅಧಿಷ್ಠಾನ: ಬಾಯಿಪಾಠ ಪುಸ್ತಕ: ಪ್ರಾಚೀನ ಬಾಲಬೋಧೆ |
| 260 ## - PUBLICATION, DISTRIBUTION, ETC. | |
| Place of publication, distribution, etc. | Bengaluru |
| Name of publisher, distributor, etc. | Yuvasadhane |
| Date of publication, distribution, etc. | 2022 |
| 300 ## - PHYSICAL DESCRIPTION | |
| Extent | xiv,250p. |
| Other physical details | HB |
| Dimensions | 29x22cm. |
| 365 ## - TRADE PRICE | |
| Source of price type code | Kannada |
| Price type code | BLCR-000079 |
| Price amount | 520.00 |
| Currency code | ₹ |
| Unit of pricing | 650.00 |
| Price note | ₹ |
| Price effective from | 06-09-2022 |
| 520 ## - SUMMARY, ETC. | |
| Summary, etc. | ಕಾಣಿ, ವೀಸ, ಹಾಗ, ಹಣ, ಗದ್ಯಾಣ, ಪಂಚಾಂಗ ವಿವರ, ಹಣ,ತೂಕ, ಅಳತೆ, ಕೋಷ್ಟಕ, ಸರಮಗ್ಗಿ, ದೇವತಾ ಸ್ತೋತ್ರಗಳು <br/>ಮಗ್ಗಿ ಕೋಷ್ಟಕ ಕನ್ನಡ ಮೂಲಾಕ್ಷರಗಳು <br/>ತಾಳೆಗರಿ ಹಸ್ತಪ್ರತಿ <br/>ನಾಣ್ಯಗಳ ಚಿತ್ರಗಳು <br/>ದೇವರಾಜಸ್ವಾಮಿ ಜಿ ಕೆ <br/>ಅಧಿಷ್ಠಾನ: ಬಾಯಿಪಾಠ ಪುಸ್ತಕ: ಪ್ರಾಚೀನ ಬಾಲಬೋಧೆ <br/>ಅರೆವೀಸ ಮಗ್ಗಿ <br/>ಮುಕ್ಕಾಣಿ ಮಗ್ಗಿ <br/>ಸಂವತ್ಸರಗಳು , ಮಾಸಗಳು, ಋತುಗಳು, ತಿಥಿಗಳು, ವಾರಗಳು,ಮಳೆ ನಕ್ಷತ್ರಗಳು<br/>ಅಷ್ಟದಿಕ್ಪಾಲಕರ ಮಾಹಿತಿ <br/>ಅಳತೆಗಳು <br/>ತಿಥಿ ಹಬ್ಬಗಳು <br/>ಮಹಾನವಮಿ ಪದ, ಮೈಸೂರು ಸಂಸ್ಥಾನದ ನಾಡಗೀತೆ <br/>ಗಿರಾ ಪಾವು ಸೇರು ಕೋಷ್ಟಕ <br/>ಮಣ ಕೋಷ್ಟಕ <br/>ಸೇರು ಕೋಷ್ಟಕ <br/>ಪೈ ಪಟ್ಟಿಯ ಕೋಷ್ಟಕ |
| 650 ## - SUBJECT ADDED ENTRY--TOPICAL TERM | |
| Topical term or geographic name entry element | Maggi Kostaka: ಮಗ್ಗಿ ಕೋಷ್ಟಕ |
| 9 (RLIN) | 58405 |
| 650 ## - SUBJECT ADDED ENTRY--TOPICAL TERM | |
| Topical term or geographic name entry element | Kannada Mulaksharagalu: ಕನ್ನಡ ಮೂಲಾಕ್ಷರಗಳು |
| 9 (RLIN) | 58406 |
| 650 ## - SUBJECT ADDED ENTRY--TOPICAL TERM | |
| Topical term or geographic name entry element | Talegari Hastaprati: ತಾಳೆಗರಿ ಹಸ್ತಪ್ರತಿ |
| 9 (RLIN) | 58407 |
| 650 ## - SUBJECT ADDED ENTRY--TOPICAL TERM | |
| Topical term or geographic name entry element | Nanyagala Chitragalu: ನಾಣ್ಯಗಳ ಚಿತ್ರಗಳು |
| 9 (RLIN) | 58408 |
| 700 ## - ADDED ENTRY--PERSONAL NAME | |
| Personal name | DEVARAJASWAMY (G K) |
| 9 (RLIN) | 58409 |
| 700 ## - ADDED ENTRY--PERSONAL NAME | |
| Personal name | ದೇವರಾಜಸ್ವಾಮಿ (ಜಿ ಕೆ) |
| 9 (RLIN) | 160707 |
| 942 ## - ADDED ENTRY ELEMENTS (KOHA) | |
| Source of classification or shelving scheme | Dewey Decimal Classification |
| Koha item type | Book |
| Withdrawn status | Lost status | Source of classification or shelving scheme | Damaged status | Not for loan | Collection code | Home library | Current library | Date acquired | Source of acquisition | Cost, normal purchase price | Total Checkouts | Full call number | Barcode | Date last seen | Cost, replacement price | Price effective from | Koha item type |
|---|---|---|---|---|---|---|---|---|---|---|---|---|---|---|---|---|---|
| Dewey Decimal Classification | Reference Book | Kannada | St Aloysius Library | St Aloysius Library | 09/16/2022 | Navakarnataka Publications Pvt.Ltd. | 520.00 | 510K DEVA | 076059 | 09/24/2022 | 650.00 | 09/24/2022 | Book |